LEADER 02389nam 2200565 a 450 001 9910455226303321 005 20200520144314.0 010 $a1-84755-026-6 035 $a(CKB)1000000000791342 035 $a(EBL)1185220 035 $a(OCoLC)232637789 035 $a(SSID)ssj0000379184 035 $a(PQKBManifestationID)11286112 035 $a(PQKBTitleCode)TC0000379184 035 $a(PQKBWorkID)10356510 035 $a(PQKB)11189285 035 $a(MiAaPQ)EBC1185220 035 $a(PPN)198472161 035 $a(Au-PeEL)EBL1185220 035 $a(CaPaEBR)ebr10621191 035 $a(EXLCZ)991000000000791342 100 $a20060105d2004 uy 0 101 0 $aeng 135 $aur|n|---||||| 181 $ctxt 182 $cc 183 $acr 200 10$aBiosynthesis in insects$b[electronic resource] /$fE. David Morgan 210 $aCambridge $cRoyal Society of Chemistry$d2004 215 $a1 online resource (225 p.) 300 $aDescription based upon print version of record. 311 $a0-85404-691-7 320 $aIncludes bibliographical references and index. 327 $a01PRELIM; 02PREFAC; 03ACKNOW; 04CONTEN; 05CHAP1; 06CHAP2; 07CHAP3; 08CHAP4; 09CHAP5; 10CHAP6; 11CHAP7; 12CHAP8; 13CHAP9; 14CHAP10; 15A-Z; 16PLATES; 17APPEND; 18SUBIND 330 $aThe chemical study of insects has been growing for four decades, and with it an interest in how insects make their pheromones, hormones, defensive secretions, venoms, pigments and surface coverings. By investigating the biosynthesis of insects, one can gain a greater insight into the structure and function of insect compounds, into ways of disrupting biosynthetic reactions in pest species and how these pathways evolved. The first textbook of its kind, Biosynthesis in Insects amalgamates previously fragmented information and recent exciting developments in the field to provide a unique, concise 606 $aInsects$xPhysiology 606 $aBiosynthesis 608 $aElectronic books. 615 0$aInsects$xPhysiology. 615 0$aBiosynthesis. 676 $a571.157 700 $aMorgan$b E. David$g(Eric David)$074326 712 02$aRoyal Society of Chemistry (Great Britain) 801 0$bMiAaPQ 801 1$bMiAaPQ 801 2$bMiAaPQ 906 $aBOOK 912 $a9910455226303321 996 $aBiosynthesis in insects$9762801 997 $aUNINA LEADER 03942nam 2200673Ia 450 001 9910830693403321 005 20170809164744.0 010 $a1-280-90082-2 010 $a9786610900824 010 $a0-470-31939-9 010 $a0-470-31940-2 035 $a(CKB)1000000000357042 035 $a(EBL)297464 035 $a(SSID)ssj0000259603 035 $a(PQKBManifestationID)11244615 035 $a(PQKBTitleCode)TC0000259603 035 $a(PQKBWorkID)10186298 035 $a(PQKB)11770170 035 $a(MiAaPQ)EBC297464 035 $a(OCoLC)181345961 035 $a(PPN)250337878 035 $a(EXLCZ)991000000000357042 100 $a20061121d2007 uy 0 101 0 $aeng 135 $aur|n|---||||| 181 $ctxt 182 $cc 183 $acr 200 10$aTinkering$b[electronic resource] $ethe microevolution of development /$f[editors: Gregory Bock and Jamie Goode] 210 $aChichester ;$aHoboken, NJ $cJohn Wiley & Sons$d2007 215 $a1 online resource (301 p.) 225 1 $aNovartis Foundation symposium ;$v284 300 $aDescription based upon print version of record. 311 $a0-470-03429-7 320 $aIncludes bibliographical references and indexes. 327 $aTinkering: The Microevolution of Development; Contents; The evolutionary developmental biology of tinkering: an introduction to the challenge; Tinkering: a conceptual and historical evaluation; DISCUSSION; Tinkering: new embryos from old-rapidly and cheaply; DISCUSSION; The relationship between development and evolution through heritable variation; DISCUSSION; Genetic networks as transmitting and amplifying devices for natural genetic tinkering; DISCUSSION; Butterfly eyespot patterns and how evolutionary tinkering yields diversity; DISCUSSION; GENERAL DISCUSSION I 327 $aTinkering with transcription factor proteins: the role of transcription factor adaptation in developmental evolutionDISCUSSION; Tinkering with constraints in the evolution of the vertebrate limb anterior-posterior polarity; DISCUSSION; Affecting tooth morphology and renewal by fine-tuning the signals mediating cell and tissue interactions; DISCUSSION; GENERAL DISCUSSION II; Evolution of covariance in the mammalian skull; DISCUSSION; The developmental genetics of microevolution; DISCUSSION; The economy of tinkering mammalian teeth; DISCUSSION 327 $aPelvic skeleton reduction and Pitx1 expression in threespine stickleback populationsDISCUSSION; Using patterns of fin and limb phylogeny to test developmental- evolutionary scenarios; DISCUSSION; Craniofacial variation and developmental divergence in primate and human evolution; DISCUSSION; Contributor Index; Subject Index 330 $aMuch recent research in evolutionary developmental biology has focused on the origin of new body plans. However, most evolutionary change at the population and species level consists of tinkering: small-scale alterations in developmental pathways within a single body plan. Such microevolutionary events have been well studied on a population genetic level and from the perspective of adaptive phenotypic evolution, but their developmental mechanisms remain poorly studied. This book explores both theoretical and practical issues of tinkering. It features a wide range of perspectives to addres 410 0$aNovartis Foundation symposium ;$v284. 606 $aMolecular biology 606 $aMolecular evolution 610 1 $aTinkering 610 1 $aMicroevolution 610 2 $aDevelopment 610 2 $aNovartis 615 0$aMolecular biology. 615 0$aMolecular evolution. 676 $a572.8 701 $aBock$b Gregory$0322650 701 $aGoode$b Jamie$0283336 712 02$aNovartis Foundation. 801 0$bMiAaPQ 801 1$bMiAaPQ 801 2$bMiAaPQ 906 $aBOOK 912 $a9910830693403321 996 $aTinkering$93927408 997 $aUNINA